All Star Casts- Hollywood Films - Statistics

General Stats
  • This quiz has been taken 37 times
  • The average score is 48 of 81
Answer Stats
Hint Answer % Correct
Captain America Chris Evans
100%
The Godfather: Michael Corleone Al Pacino
97%
Avengers: Endgame: Iron Man Robert Downey Jr
97%
Oceans Eleven: Danny Ocean George Clooney
93%
Vincent Vega John Travolta
93%
Vito Corleone Marlon Brando
93%
Mia Wallace Uma Thurman
93%
Rusty Ryan Brad Pitt
90%
Thor Chris Hemsworth
90%
Oppenheimer: Robert Oppenheimer Cillian Murphy
90%
Ant-Man Paul Rudd
90%
Pulp Fiction: Jules Winnfield Samuel L. Jackson
90%
Tess Ocean Julia Roberts
86%
The Departed:
William Costigan
Leonardo DiCaprio
86%
Hulk Mark Ruffalo
86%
Black Widow Scarlett Johansson
86%
Captain Marvel Brie Larson
83%
Butch Coolidge Bruce Willis
83%
Hawkeye Jeremy Renner
83%
Gangs of New York: Bill the Butcher Daniel Day Lewis
79%
Cliff Booth Brad Pitt
76%
Sonny Corleone James Caan
76%
Once Upon a Time in Hollywood: Rick Dalton Leonardo DiCaprio
76%
Colin Sullivan Matt Damon
76%
War Machine Don Cheadle
72%
Kitty Oppenheimer Emily Blunt
72%
Frank Costello Jack Nicholson
72%
Amsterdam Leonardo DiCaprio
72%
Sharon Tate Margot Robbie
72%
Jenny Everdean Cameron Diaz
69%
The Wolf Harvey Keitel
69%
David, Prime Minister Hugh Grant
69%
Tom Hagen Robert Duvall
69%
Kay Adams Diane Keaton
66%
Sergeant Dignam Mark Wahlberg
66%
Linus Caldwell Matt Damon
66%
General Groves Matt Damon
66%
Lewis Strauss Robert Downey Jr
66%
Basher Tarr Don Cheadle
59%
Fredo Corleone John Cazale
59%
Terry Benedict Andy Garcia
55%
Karen Emma Thompson
55%
Glengarry Glen Ross Richard Roma Al Pacino
52%
Jean Tatlock Florence Pugh
52%
Juliet Keira Knightley
52%
Pussycat Margaret Qualley
52%
Captain Queenan Martin Sheen
52%
Rufus- Jeweller Rowan Atkinson
52%
Harry Alan Rickman
48%
Captain Ellerby Alec Baldwin
48%
Billy Mack Bill Nighy
48%
US President Billy Bob-Thornton
48%
Captain Koons Christopher Walken
48%
Harry Truman Gary Oldman
48%
Ringo Tim Roth
48%
Tex Austin Butler
45%
Love Actually: Jamie Colin Firth
45%
Mark Andrew Lincoln
41%
Virgil Malloy Casey Affleck
41%
Peter Chiwetel Ejiofor
41%
Daniel Liam Neeson
41%
Sadie Mikey Madison
41%
Dr Madolyn Madden Vera Farmiga
41%
Marvin Schwarz Al Pacino
38%
Happy Jack Mulraney John C. Reilly
38%
Niels Bohr Kenneth Branagh
38%
Sarah Laura Linney
38%
David Hill Rami Malek
38%
Blake Alec Baldwin
34%
Monk McGinn Brendan Gleeson
34%
Sheldon Levene Jack Lemmon
34%
John Martin Freeman
34%
Ernest Lawrence Josh Hartnett
31%
Boris Pash Casey Affleck
28%
Dave Moss Ed Harris
28%
John Williamson Kevin Spacey
28%
Prieset Vallon Liam Neeson
28%
Shang Stephen Graham
28%
Snake Sydney Sweeney
24%
James Stacy Timothy Olyphant
24%
George Aaronow Alan Arkin
21%
No matching quizzes found
Score Distribution
Percent of People with Each Score
Percentile by Number Answered
Your Score History
You have not taken this quiz